| 000 | 00841nam a2200265 i 4500 | ||
|---|---|---|---|
| 001 | 000049068 | ||
| 003 | DO-SdBNP | ||
| 005 | 20250319105909.0 | ||
| 007 | ta | ||
| 008 | 190717s1984 dr 000 spa d | ||
| 040 |
_aDO-SdBNP _bspa _cBNPHU _erda |
||
| 082 | 4 |
_a347.7293 _bR426c _222 |
|
| 110 | 1 |
_aRepública Dominicana. _9447 |
|
| 240 | 1 | 0 | _aCódigo de Procedimiento Civil |
| 245 | 1 | 0 | _aCódigo de procedimiento civil y legislación complementaria. |
| 264 | 1 |
_aSanto Domingo : _bEditor no identificado, _c1984. |
|
| 300 |
_a374 páginas ; _c22 cm. |
||
| 336 |
_atexto _btxt _2rdacontent |
||
| 337 |
_asin mediación _bn _2rdamedia |
||
| 338 |
_avolumen _bnc _2rdacarrier |
||
| 590 | _aInventariado, 2019 / DG | ||
| 650 | 4 |
_aDerecho civil _xLegislación _99313 |
|
| 650 | 4 |
_aProcedimiento civil _xLegislación _976458 |
|
| 942 |
_2ddc _cLBS1 |
||
| 999 |
_c48556 _d48556 |
||